000 00521nam a2200181 i 4500
001 132844
003 ES-MaACL
005 20230906194249.0
007 t|
008 070214s1904 fr r ||||1| fre d
080 _a75 David, Louis
100 1 _aRosenthal, Léon.
_999763
245 1 4 _aLes maitres de l'art
_b: Louis David /
_cLeon Rosenthal.
260 _aParis :
_b[s.n.],
_c1904.
300 _aXI, 175 p. con lám. ;
_c21 cm.
600 0 4 _aDavid, Jacques-Louis (
_d1748-1825)
_942874
852 _aES-MaACL
_jG-1225
999 _c132844
_d132844